[Event "Dortmund SuperGM 39th"]
[Site "Dortmund"]
[Date "2011.07.25"]
[Round "5"]
[White "Kramnik, Vladimir"]
[Black "Giri, Anish"]
[Result "1-0"]
[WhiteElo "2781"]
[BlackElo "2701"]
[Annotator "Stohl,I"]
[PlyCount "87"]
[EventDate "2011.07.21"]
[EventType "tourn"]
[EventRounds "10"]
[EventCountry "GER"]
[EventCategory "20"]
[SourceTitle "CBM 144"]
[Source "ChessBase"]
[SourceDate "2011.09.16"]
[SourceVersion "1"]
[SourceVersionDate "2011.09.16"]
[SourceQuality "1"]

1. d4 Nf6 2. c4 g6 3. Nc3 d5 4. cxd5 Nxd5 5. e4 Nxc3 6. bxc3 Bg7 7. Be3 (7. Nf3
c5 8. Be3 Qa5 9. Qd2 Nc6 10. Rc1 cxd4 11. cxd4 Qxd2+ 12. Kxd2 O-O $132 {
is the line White is trying to avoid - see the notes to Akobian-Negi, Wijk aan
Zee B 2010.}) 7... c5 8. Qd2 ({Until January 2011 Kramnik preferred the move
order} 8. Rc1 O-O (8... Qa5 9. Qd2 {transposes into our game}) 9. Nf3 (9. Qd2
e5 $5 10. dxe5 Qxd2+ 11. Kxd2 b6 12. Bc4 Bb7 13. f3 Bxe5 14. Ne2 Nc6 15. Bd5
Rad8 16. Kc2 Na5 17. Bxb7 Nxb7 18. Rcd1 Na5 19. Nf4 Nc4 20. Bc1 f5 $11 {
/=/+,Babula,V (2569)-Anand,V (2788)/HUN-chT/2009/}) 9... Bg4 $5 10. Be2 (10.
Qd2 Bxf3 11. gxf3 cxd4 12. cxd4 e6 13. Bb5 Nc6 $5 14. Bxc6 bxc6 15. Rxc6 Qd7
$132) 10... Qa5 {However, he was possibly discouraged by his game against
Vachier-Lagrave:} 11. O-O (11. Qd2 e6 12. d5 exd5 13. exd5 Nd7 (13... c4 $142
$5 $132) 14. c4 Qa3 15. O-O Rae8 (15... Rfe8 $142 $1 {/\} 16. h3 Bf5 $1 17. g4
Be4 18. Ng5 Bb2 19. Rcd1 Bc3 20. Qc1 Bb2 $11) 16. Rfe1 f5 $2 (16... b6 $14) (
16... Bf5 $142 $5) 17. d6 $1 Kh8 18. h3 Bxf3 $6 19. Bxf3 Ne5 20. Bg5 $1 $18 {
Volkov,S (2621)-Sutovsky,E (2692)/EU-ch Aix-les-Bains/2011/ - see the notes to
this game by Krasenkow in CBM 142.}) 11... Qxa2 12. Bg5 Qe6 13. Re1 Qd7 14. d5
e5 15. Qb3 Bxf3 16. Bxf3 Na6 17. Be2 c4 18. Qxc4 Qd6 19. Bg4 f5 20. exf5 gxf5
21. Bh5 Nc5 22. Rcd1 Rac8 23. Qh4 $13 {1/2,Kramnik,V (2784)-Vachier-Lagrave,M 
(2715)/Wijk aan Zee/2011/}) 8... Qa5 ({An independent alternative is} 8... cxd4
9. cxd4 Nc6 10. Rd1 Bg4 $5 11. Be2 (11. f3 Bd7 12. d5 Ne5 13. Bd4 O-O 14. f4
Ng4 15. Bxg7 Kxg7 $132) 11... Bxe2 12. Nxe2 O-O (12... Na5 13. Rc1 (13. Qb4 O-O
14. O-O b6 15. d5 Qd6 16. Qb5 Qe5 17. Rd4 Qb8 18. Ra4 Rc8 19. Nd4 Rc5 $11 {
Lputian,S (2605)-Kasparov,G (2851)/Wijk aan Zee/2000/}) 13... O-O 14. O-O b5
15. Qb4 a6 16. a4 Nc4 17. axb5 Nxe3 18. fxe3 axb5 (18... Rb8 $142 $5 19. Rc5 e5
20. d5 Re8 {/\Bf8~~, Kasparov}) 19. Qxb5 Ra3 20. Rf3 Bh6 21. Rc3 Ra1+ 22. Rf1
Rxf1+ 23. Kxf1 $14 {Kramnik,V (2785)-Aronian,L (2808)/Monte Carlo rpd/2011/ -
see the notes to this game by Marin in CBM 142.}) 13. O-O e6 $5 (13... Na5 {
-12...Na5}) 14. d5 (14. Bh6 Qa5 15. Qe3 Qxa2 $5 (15... Bxh6 16. Qxh6 Qxa2 17.
Nf4 Ne7 18. Qg5 f6 19. Qb5 b6 20. Ra1 Qc2 21. Nxe6 $16 {Roiz,M (2658)-Avrukh,B
(2641)/Netanya/2009/}) {and White doesn't seem to have more than} 16. Bxg7 Kxg7
17. Nf4 Rfe8 18. d5 exd5 19. Nh5+ gxh5 20. Qg5+ Kh8 (20... Kf8 21. Qh6+ Ke7 22.
Qg5+ Kd7 23. Rxd5+ Kc7 24. Qf4+ Kb6 25. Qe3+ Kc7 $11) 21. Qf6+ {1/2, Iskusnyh,
S (2471)-Jaracz,P (2539)/Kalamaria/2009/} Kg8 22. Qg5+ Kh8 23. Qf6+ {1/2,
Iskusnyh,S (2471)-Jaracz,P (2539)/Kalamaria/2009/}) 14... exd5 15. exd5 Ne5 16.
Qb4 Qd7 17. Qb3 (17. d6 $5 Rfc8 $132 {Kasparov}) 17... Rfe8 18. h3 b5 19. Nd4
a6 20. Bf4 Nc4 21. Qf3 (21. Nc6 Re4 22. Bg3 Rae8 23. Nb4 Re2 $17 {Kozul,Z 
(2605)-Avrukh,B (2575)/Belgrade/1999/}) 21... Nb2 22. Rd2 Nc4 $11) (8... O-O 9.
Nf3 Qa5 10. Rc1 Rd8 $5 {is the main line - see Pashikian-Zhou Jianchao,
Kramnik-Howell and Pashikian-Cornette.}) 9. Rc1 (9. Rb1 {went out of fashion
due to} b6 {/\Ba6} ({Also viable is} 9... cxd4 $5 10. cxd4 Qxd2+ 11. Kxd2 O-O
12. Nf3 Rd8 13. Bd3 Nc6 14. d5 Na5 15. Bg5 f5 16. Bxe7 Bh6+ 17. Bg5 fxe4 18.
Bxe4 Bf5 19. Bxf5 Rxd5+ 20. Bd3 Bxg5+ 21. Nxg5 Rad8 22. Rhd1 $11 {Sanikidze,T 
(2524)-Le Quang,L (2687)/FRA-chT Mulhouse/2011/ We have already mentioned
White is trying to avoid this type of _|_, in which his K can be exposed in
the [+].}) 10. Bb5+ Bd7 11. Be2 Bc6 $132) 9... cxd4 {Giri opts for the _|_, in
which Black has been doing quite well recently.} ({The transposition} 9... O-O
10. Nf3 Rd8 $5 $13 {is still possible.}) 10. cxd4 Qxd2+ 11. Bxd2 {Nowadays the
main move.} ({White has gradually started to refrain from exposing his c with
the committal} 11. Kxd2 O-O 12. Bb5 ({Pleasant for Black is} 12. Bd3 Rd8 13.
Ne2 Nc6 14. Rc4 f5 $1 15. exf5 Bxf5 16. Bxf5 gxf5 17. Rb1 Rd7 18. Ke1 Rad8 19.
Kf1 Kf7 20. Rc5 e6 21. g3 Ne7 $11 {/=/+,Aronian,L (2783)-Mamedyarov,S (2756)/
Khanty Mansiysk ol/2010/}) (12. Nf3 Nc6 $132 {once again leads to to
Akobian-Negi, Wijk aan Zee B 2010.}) 12... Rd8 13. Ne2 Nc6 $5 14. Bxc6 bxc6 15.
Rhd1 (15. f3 e5 16. Rxc6 exd4 17. Bg5 Re8 18. Nf4 Re5 $1 19. h4 (19. Rhc1 $142
$1 $11) 19... Ra5 20. Ra1 Bb7 21. Rc7 d3 $36 {Graf,A (2661)-Ruck,R (2575)/
Budapest/2004/}) (15. Rc5 $2 e5 16. Bg5 f6 17. Be3 exd4 18. Bxd4 Ba6 19. Rd1
Rd6 20. Ke3 Bxe2 21. Kxe2 Rad8 22. Ke3 Bf8 {0-1,Hjartarson,J (2400)-Stohl,I 
(2305)/WChJ Copenhagen/1982/}) (15. Rxc6 Bb7 16. Rc7 Bxe4 17. f3 Bf5 18. Rd1
Kf8 19. Ke1 Ke8 20. d5 Rd7 21. Rc5 Rb7 22. Nd4 Bd7 23. Nc6 Rc8 $15 {[%csl Gd7,
Gg7] ^^,Kelecevic,N (2390)-Smejkal,J (2570)/Sarajevo/1982/}) 15... Rb8 16. Ke1
Rb2 17. Rxc6 Bb7 18. Rc7 Bxe4 19. f3 Bd5 20. Rxa7 Bxa2 $11 {Grabowski,P (2260)
-Coenen,N (2379)/NRW Liga 0607/2007/}) 11... O-O (11... Nc6 12. d5 Nd4 13. Nf3
f5 14. Bc3 Nxf3+ 15. gxf3 Bxc3+ 16. Rxc3 fxe4 17. fxe4 Rf8 18. f3 Bd7 19. Kf2
Kd8 20. Ke3 $36 {[%csl Gd5,Ge4,Gf3] [+],Zugic,I (2450)-Ftacnik,L (2602)/
Montreal/2002/ Despite simplification White's [+]P are a major factor.}) 12.
Nf3 ({A drawish _|_ arises after} 12. d5 e6 13. Bb5 Bd7 14. Bxd7 Nxd7 15. dxe6
fxe6 16. Nf3 Rfc8 17. Ke2 Nc5 18. Ng5 h6 19. Be3 hxg5 20. Rxc5 Rxc5 21. Bxc5 g4
$1 $11 {Schmidt,W-Jansa,V/Vrnjacka Banja/1983/}) 12... e6 ({Here an important
alternative is the more straightforward} 12... Bg4 13. Be3 (13. Rc7 Bxf3 14.
gxf3 Bxd4 15. Rxb7 Nc6 $32 16. Ba6 {1/2,Kramnik,V (2770)-Svidler,P (2727)/
Dortmund/2004/} Rab8 $11) (13. d5 Nd7 14. Ng5 Nb6 15. h3 Bd7 16. Bd3 Rfc8 (
16... h6 17. Nf3 e6 18. d6 Bc6 19. O-O Rad8 20. Bb4 Rfe8 21. Rfd1 e5 22. Nd2
Bf8 23. Nc4 Nxc4 24. Bxc4 Rd7 $11 {Lybin,D (2576)-Hamarat,T (2630)/corr/2001/})
17. O-O Na4 18. Bb4 h6 19. Nf3 e6 $132 {Pinter,J (2512)-Shirov,A (2726)/EU Cup
Izmir/2004/}) (13. Ne5 Bxe5 14. dxe5 Nc6 15. f4 Rfd8 16. Be3 Rac8 17. Be2 h5
18. Bxg4 hxg4 19. Ke2 $11 {1/2,Gehret,A (2378)-Bernad Suarez,A (2190)/corr/
2000/}) 13... Nc6 (13... Bxf3 14. gxf3 e6 (14... Nc6 {-13...Nc6}) 15. Bc4 (15.
Bb5 $1 $14) 15... Nc6 16. d5 exd5 17. Bxd5 Nb4 18. Bxb7 Nd3+ 19. Ke2 Nxc1+ 20.
Rxc1 Rab8 21. Rb1 Rbd8 22. Bxa7 Bd4 23. Bxd4 Rxd4 24. Ke3 Ra4 25. Bd5 $11 {
Sargissian,G (2667)-Navara,D (2708)/Wijk aan Zee/2011/}) (13... Nd7 14. Rc7 e5
15. d5 Rfc8 $1 16. Rxb7 Nc5 17. Rb4 Bf8 18. Nxe5 Nd7 19. Nd3 Bxb4+ 20. Nxb4
Rcb8 $132 {Rodshtein,M (2637)-Kovchan,A (2554)/Biel op/2011/}) 14. d5 Bxf3 (
14... Na5 15. Bd3 (15. Be2 $142 $5 {/\} e6 16. h3 $14) 15... e6 16. Bd2 b6 17.
O-O exd5 18. exd5 Rad8 19. Bxa5 bxa5 20. Rc5 a4 21. Bc2 Bxf3 22. gxf3 Bd4 $11 {
Ragger,M (2628)-Areshchenko,A (2664)/Bundesliga 1011/2011/}) 15. gxf3 Nd4 16.
Bh3 f5 17. Kf1 Rfc8 $5 (17... e6 18. dxe6 Nxe6 19. exf5 gxf5 20. Rd1 Rad8 21.
Rxd8 Nxd8 22. Kg2 (22. Bxa7 $5) 22... Nc6 23. Rd1 $14 {Sargissian,G (2667)-Li,
C (2649)/Wijk aan Zee/2011/}) 18. Kg2 Kf8 19. Rxc8+ (19. Rhd1 Rxc1 20. Rxc1 f4
21. Bd2 Be5 $11) 19... Rxc8 20. Rd1 Rc4 $132) 13. h4 $5 $146 {[%mdl 8] An
interesting novelty, prepared already for the match against Kasparov in 2000.}
(13. Bb5 Nc6 (13... a6 $2 14. Bb4 $16) 14. Bxc6 bxc6 15. O-O (15. Ne5 Bb7 16.
Bb4 Rfd8 17. Bc5 f6 18. Nc4 Ba6 19. Na5 Rac8 20. f3 Bh6 21. Rc2 Be3 22. Nb3 f5
23. e5 Bb5 24. Rc3 f4 $36 {[%csl Re1] עe1,Lazarev,V (2440)-Ernst,T (2525)/
Oberwart/1991/}) 15... Ba6 16. Rfe1 Bb5 17. Bb4 Rfd8 18. Bc5 a5 19. h4 a4 20.
Rc3 f6 21. e5 fxe5 22. Nxe5 Rd5 23. f4 Bxe5 24. fxe5 Rd7 $11 {[%csl Gb5,Gc5] /
+/=,Kramnik,V (2790)-Mamedyarov,S (2761)/Moscow/2010/ White's edge is more or
less platonic, the ^- are a strong neutralizing factor.}) 13... Nc6 {A logical
reaction.} ({Rather artificial is} 13... Bd7 14. h5 Bc6 15. hxg6 hxg6 16. Bd3
$14) 14. e5 {[%csl Rg7] White's idea is to limit the Bg7.} Bd7 ({It's
difficult to take the engine suggestion} 14... Rd8 15. Bg5 Rd5 16. Bc4 Ra5 {
[%csl Ra5] seriously, as Black can have problems with his exposed R.}) ({
The direct} 14... f6 {was perhaps a better choice:} 15. Bc4 (15. exf6 {is
inconsistent:} Bxf6 $11) (15. Bc3 fxe5 16. dxe5 Rf4 $13) (15. h5 $5 $44) 15...
fxe5 (15... Rd8 16. Bc3 {[%csl Re6] keeps Black under pressure, ><e6 is
vulnerable (we will see this later in the game as well).}) 16. d5 e4 $5 17.
dxe6 Re8 18. Ng5 h6 $132) (14... h6 $6 {tries to keep the <->h closed, but
Black has to reckon with} 15. h5 g5 16. Nxg5 $1 Rd8 (16... hxg5 17. h6 Bh8 18.
h7+ Kg7 19. Bxg5 $16 {->}) 17. Ne4 $16) ({The radical} 14... h5 $5 {also
deserves attention.}) 15. Rb1 (15. h5 Rfc8 16. hxg6 hxg6 17. Rb1 Rc7 18. Bg5
Be8 $13 {[%cal Yc7d7,Yc6e7,Ye7d5] /\Rd7,Ne7-d5<=> It's difficult for White to
transfer his Rb1 to the <->h and Black has <=> in the [+] and on the <<.})
15... b6 $6 {[%csl Ra6,Rb5,Rb7] ><a6,<<} (15... Rfd8 $142 $5 16. h5 (16. Rxb7
Bc8 $11) (16. Bg5 Rdb8 $13 {and due to} 17. h5 h6 {White can't open the <->h
so easily.}) 16... Be8 $132) 16. h5 Ne7 17. hxg6 fxg6 $6 {[%mdl 32] Now
Kramnik gets a permanent strategic advantage, which he will convert very
smoothly.} ({Giri was obviously afraid to play} 17... hxg6 18. Ng5 $5 $36 {
[%cal Gh1h8] Although White's -> is more dangerous than in the previous note,
Black still retains defensive resources.}) 18. Bc4 Rac8 19. Bb3 Nd5 20. Ng5 $16
{White can develop his initiative with natural moves.} h6 (20... h5 21. f3 $16
{[%csl Gg5][%cal Yg2g4] ><g5,/\g4 and White will gradually prepare the opening
of the >>.}) 21. Ne4 g5 {[%csl Rh6] ><h6} (21... h5 {was possibly slightly
more resilient.}) 22. Nd6 Rc7 23. Ke2 $1 Rd8 24. Rh3 {[%cal Yb1h1,Rh3h6] /
\Rbh1,Rh6->} Bc6 25. Rbh1 Rf8 26. Rc1 $5 {[%cal Rb3d5] /\Yd5} ({More
consistent was} 26. Rxh6 $1 Bxh6 27. Rxh6 $16 {/+- , but Kramnik's move is
also strong.}) 26... Bd7 $8 27. Rxc7 Nxc7 28. Rc3 {White combines play on both
flanks, the Nd6 exerts unbearable pressure.} Na6 (28... Nb5 29. Nxb5 Bxb5+ 30.
Ke3 Re8 31. Rc7 $18) (28... Nd5 29. Bxd5 exd5 30. Rc7 Rd8 31. Ke3 {[%cal Rd6b7]
/\Nb7+-}) 29. g3 $1 {[%cal Yf2f4] /\f4} (29. d5 exd5 30. Bxd5+ Kh7 31. e6 Bxc3
32. Bxc3 $16 {is good enough, but White doesn't need to hurry.}) 29... Rd8 (
29... g4 30. Rc1 $1 {[%csl Rh6] /\Rh1, ><h6 and White targets the >> again.})
30. f4 Bf8 (30... gxf4 31. gxf4 {[%cal Yc3g3] gives White an extra attacking
option Rg3.}) 31. f5 Bxd6 32. exd6 Bb5+ {The rest is just agony, as e6 is
indefensible.} (32... Re8 $2 33. fxe6 Bxe6 34. d7 $18) 33. Ke3 Rxd6 34. fxe6
Kf8 35. Rc8+ Ke7 36. d5 Rd8 37. Rxd8 Kxd8 38. d6 Nc5 39. Bd5 {[%cal Re3d4,
Rd4f6] /\Kd4-e5-f6} Bd7 40. exd7 Kxd7 41. Kd4 Kxd6 42. Bb4 a5 43. Bxc5+ bxc5+
44. Kc4 1-0

[Event "RUS-ch 64th"]
[Site "Moscow"]
[Date "2011.08.08"]
[Round "1"]
[White "Svidler, Peter"]
[Black "Kramnik, Vladimir"]
[Result "1-0"]
[WhiteElo "2739"]
[BlackElo "2781"]
[Annotator "Marin,M"]
[PlyCount "87"]
[EventDate "2011.08.08"]
[EventType "tourn"]
[EventRounds "7"]
[EventCountry "RUS"]
[EventCategory "19"]
[SourceTitle "CBM 144"]
[Source "ChessBase"]
[SourceDate "2011.09.16"]
[SourceVersion "1"]
[SourceVersionDate "2011.09.16"]
[SourceQuality "1"]

1. Nf3 d5 2. g3 Nf6 3. Bg2 c6 4. d3 Bg4 5. Nbd2 Nbd7 6. h3 Bh5 7. g4 $5 Bg6 8.
Nh4 {Such radical measures at this stage of the game are not too common. The
whole plan would be less effective if Black had delayed the development of the
queen's knight with 5...e6, because of a possible regroupment such as: 8...
Nfd7 9.Nxg6 hxg6 /\...Bd6, ...Qe7, ...Na6-c7, ...e5, ...Ne6. The way it is,
the f6-knight does not seem to have good squares to which to retreat.} e6 (8...
e5 {weakens the d5-square, justifying White's plan directed against the
g6-bishop.} 9. c4 (9. e3 Bd6 10. Qe2 Qe7 {was fine for Black in Kritz,L (2571)
-Erdos,V (2523)/Differdange 2007/CBM 119 ext (0-1, 35)}) 9... Bc5 {Bradford,J 
(2453)-Georgiev,K (2661)/Gibraltar 2007/CBM 116 ext (0-1, 129)} 10. Qb3 $5 $36)
9. e3 Bd6 ({The paradoxical} 9... Ng8 {was played in an old game at GM level.
Although it seems that Black loses a lot of time, provoking the exchange on g6
at an early stage helps him define his general plan of regrouping.} 10. Nxg6
hxg6 11. Qe2 Bd6 12. b3 Qf6 13. d4 g5 14. Bb2 Ne7 15. O-O-O Ng6 16. Nf3 Qe7 17.
c4 a5 $132 {Quinteros,M (2500)-Giorgadze,T (2495)/Hannover 1983/MCL (0-1, 46).
With perfect regrouping for Black and reasonable counterplay.}) 10. Qe2 Qc7 {
It is not easy to criticise a move played by an ex World Champion twice (!) at
such an early stage, but I fail to understand the point behind it. First of
all, the indirect pressure against the h4-knight is released. Secondly, the
battery Q + B is set up in the wrong way (the queen should be in front of the
bishop), failing to create any threats against the h2-b8 diagonal.} ({I would
prefer} 10... Qe7 {Let us see what can happen if White plays in the same way
as in the main game:} 11. O-O ({The only game that actually reached this
position went:} 11. Ndf3 O-O 12. Bd2 {White refrains from the more natural b3
followed by Bb2, in order to avoid the exchange of the dark-squared bishops
with ...Ba3. This would not be a possibility after ...Qc7.} Rfe8 13. Nxg6 hxg6
14. Ng5 Nc5 15. h4 Nfd7 16. e4 Qf6 $13 {Panno,O (2505)-Ricardi,P (2335)/Buenos
Aires 1985/MCD (1-0, 38). We can notice that even here the queen was well
placed on e7.}) 11... O-O-O 12. Rb1 (12. f4 Ne8 13. Nxg6 hxg6 $132 {[%cal
Gg6g5] Being slightly underdeveloped, White has problems preventing Black's
counterplay on the dark squares.}) 12... e5 13. a3 e4 $132 {[%cal Ge7e5]}) ({
Even the not too natural} 10... Qb6 {may have been preferable, winning a tempo
over the game after} 11. O-O O-O-O 12. Rb1 Bb8 {[%cal Gb6c7] , although I do
not like the congestion of the black pieces around their own king.}) 11. O-O
O-O-O {A very interesting position. It is not customary for Black to castle
long in these lines of the Reti.} 12. Rb1 $5 $146 {[%cal Gb2b4,Gb4b5] With
both kings on the kingside, the plan based on b4-b5 would just create
weaknesses, but the way it is the black king which starts to sense some danger.
} ({It is possible that Svidler based his preparation for this occasion on an
older blitz game won by Kramnik:} 12. f4 h6 $5 {Spoiling his own structure for
the sake of opening the centre before White gets fully developed.} 13. Nxg6
fxg6 14. Nf3 e5 15. Nh4 exf4 16. exf4 Rhe8 17. Qf2 Bc5 18. d4 Bb6 19. b4 (19.
Nxg6 Ne4 20. Bxe4 Rxe4 21. c3 Rde8 $44) 19... Ne4 20. Bxe4 Rxe4 21. c3 Rde8 22.
Nxg6 c5 $5 23. bxc5 Nxc5 $132 {Morozevich,A (2755)-Kramnik,V (2785)/Moscow 
(blitz) 2007/EXT 2008 (0-1, 38)}) 12... Qa5 $6 {Black cannot not afford to
lose so much time.} ({A possible coherent plan would be} 12... Nf8 $5 13. b4 h6
{[%cal Gg6h7,Gg7g5]} 14. Nxg6 Nxg6 $132) 13. a3 Bb8 14. f4 e5 {This piece
sacrifice is a logical consequence of Black's previous play, but is not
entirely sound. Taking into account also his game against Galkin, I get the
feeling that Kramnik is aiming for a slight change of style. He may wish to
have the positional piece sacrifice in irrational positions in his fighting
arsenal. In the present game, he will come close to justifying his adventurous
play, while in the other game he will win outright.} (14... Qc7 15. b4 e5 {
would not change much, either.} 16. f5 e4 17. Rf4 Qb6 18. Qf2 $16) 15. f5 e4
16. dxe4 (16. b4 Qc7 17. Rf4 {transposes above.}) 16... Qc7 17. Rf4 Rde8 18.
fxg6 {There was no need to open the h-file, which causes the h4-knight to lose
stability.} (18. Qf2 $5 $16 {leaves Black with serious problems proving his
attacking idea.}) 18... hxg6 19. Nhf3 Qb6 20. e5 Nxe5 21. Nxe5 Bxe5 22. Rf3 Nh7
23. c4 Ng5 24. cxd5 cxd5 {Black has improved his position somewhat and can
reduce the material defficit if he so wishes. However, he is still a long way
from equality.} 25. Nf1 $6 {This is too passive. By retreating into defence
completely, White allows his opponent to take over the control of the whole
board.} (25. b4 Kb8 26. Nb3 $16 {followed by Nc5, with the permanent
possibility of Qb5 would have restricted Black's active possibilities.}) 25...
Kb8 26. b4 d4 27. Bd2 Re7 28. Rc1 dxe3 $2 {Probably caused by a miscalculation.
} (28... Qd6 $1 $44 {/\...d3 leaves White in a passive position, despite his
material advantage.}) 29. Bxe3 Bd4 $6 (29... Nxf3+ 30. Qxf3 $16) 30. Rg3 Bxe3+
31. Nxe3 Rhe8 32. Rc3 $18 {The g5-knight cannot join the attack and White has
no problems defending his doubly-pinned knight.} a6 {A clear sign that Black
has exhausted his attacking resources.} 33. Qf2 {The rest does not require
comments; Black played a few more moves from inertia.} f6 34. Nc2 Qxf2+ 35.
Kxf2 Re2+ 36. Kf1 Rd2 37. Rgd3 Ree2 38. Rxd2 Rxd2 39. Ne3 Ne6 40. Nc4 Rd1+ 41.
Kf2 Nf4 42. Bf3 Ra1 43. h4 g5 44. h5 1-0